Biblioteca

Teología en el camino (Registro nro. 33799)

Detalles MARC
000 -LÍDER
Campo fijo de descripción fija 01649nam a22002417a 4500
001 - NÚMERO DE CONTROL
Campo de control 3092
003 - IDENTIFICADOR DEL NÚMERO DE CONTROL
Campo de control CO-MdFUSB
005 - FECHA Y HORA DE LA ULTIMA TRANSACCIÓN
control field 20180622073131.0
008 - ELEMENTOS DE LONGITUD FIJA -- INFORMACIÓN GENERAL
Campo fijo de descripción fija -- Información general 180508s1987 pe ||||| |||| 00| 0 spa d
040 ## - FUENTE DE CATALOGACIÓN
Agencia de catalogación original CO-MdFUSB
Idioma de catalogación spa
Agencia que realiza la transcripción CO-MdFUSB
Agencia que realiza la modificación CO-MdFUSBC
Convenciones de la descripción rda
041 0# - CÓDIGO DE IDIOMA
Código de idioma para texto/pista de sonido o título separado spa
082 04 - NÚMERO DE CLASIFICACIÓN DECIMAL DEWEY
Número de clasificación G 230 A6621t
245 #0 - TÍTULO
Título del Material Teología en el camino
Mención de responsabilidad, etc. / Elena García, Samuel Escobar, Introducción y notas, Pedro Arana Quiroz, Compilador
264 #1 - PRODUCCIÓN, PUBLICACIÓN, DISTRIBUCIÓN, MANUFACTURA, Y COPYRIGHT
Lugar de producción, publicación, distribución, manufactura Lima, Perú :
Nombre del productor, publicador, distribuidor Presencia
Fecha de producción, publicación, distribución, manufactura, o copyright [1987]
300 ## - DESCRIPCIÓN FÍSICA
Extensión 206 Pag
336 ## - TIPO DE CONTENIDO
Fuente rdacontent
Término de tipo de contenido texto
Código de tipo de contenido txt
337 ## - TIPO DE MEDIO
Fuente rdamedia
Nombre del tipo de medio sin mediación
Código del tipo de medio n
338 ## - TIPO DE SOPORTE
Fuente rdacarrier
Nombre del tipo de soporte volumen
Código Tipo de soporte nc
505 00 - NOTA DE CONTENIDO
Nota de contenido con formato preestablecido - Mensaje de la segunda conferencia evangèlica Latinoamericana - Mensaje de la tercera conferencia evangèlica Latinoamericana - Declaraciòn evangèlica de Bogotà - Declaraciòn evangèlica Cochabamba - Pacto de Lausana - Pacto de Curitiba - Carta de Basilea sobre iglesia y estado - Coloquio de Quito - Carta a las iglesias cristianas y organismos ecumènicos de America Latina - Pacto de Itaicì - Carta de CLADE II - Declaraciòn de Tailandia - Hacia una cristologìa misiològica en el mundo de los dos tercios - Evangelizaciòn y responsabilidad social - Mensaje del CLAI a las iglesias y pueblos del continente Americano - Declaraciòn de Jarabacoa - La iglesia en respuesta a las necesidades humanas - Informe de la consulta teológica sobre responsabilidad social - Carte de Buenos Aires a las iglesias y pueblos de America Latina - La vida en el Espìritu - Afirmaciòn de San Jose - Documento de Puerto Alegre
650 #7 - ASIENTO SECUNDARIO DE MATERIA - TERMINO TEMÁTICO
Término temático o nombre geográfico como elemento de entrada Teología bíblica
9 (RLIN) 320
653 ## - TÉRMINO DE INDIZACIÓN - NO CONTROLADO
Término no controlado Colecciones
942 ## - TIPO DE MATERIAL (KOHA)
Tipo de Item KOHA Libros General
Existencias
Estado de Material Estado de Perdido Estado de Dañado No para Préstamo Colección Tomo Biblioteca de Origen Biblioteca Permanente Fecha de Adquisición Total de Préstamos Total de Renovaciones Signatura Topográfica Código de Barras Última vez visto Última vez Préstado Ejemplar/Existencia Fecha de Remplazo Tipo de Material
        Colección General   Biblioteca FUSBC Biblioteca FUSBC 30/11/2004 4 4 G 230 A6621t 14771 20/03/2024 19/03/2024 1 26/01/2016 Libros General

Biblioteca FUSBC | Teléfono: (57+4) 349 88 10 Ext. 141| WhatsApp (+57) 3005338115 
E-mail: biblioteca@unisbc.edu.co | Calle 76 87-14 Robledo Palenque, Medellín, Colombia

Con tecnología Koha